000 01650cam a22003374a 4500
001 13621168
003 ARRUPE
005 20140114020011.0
008 040610s2004 enka b 001 0 eng
010 _a 2004013626
020 _a0192804774 (pbk. : alk. paper)
040 _aDLC
_cDLC
_dDLC
042 _apcc
050 0 0 _aHX833
_b.W36 2004
082 0 0 _a335/.83
_222
100 1 _aWard, Colin.
_95550
245 1 0 _aAnarchism :
_ba very short introduction /
_cColin Ward.
260 _aOxford ;
_aNew York :
_bOxford University Press,
_c2004.
300 _a109 p. :
_bill. ;
_c18 cm.
440 0 _aVery short introductions ;
_v116
_95551
504 _aIncludes bibliographical references (p. 106) and index.
505 0 _aDefinitions and ancestors -- Revolutionary moments -- States, societies, and the collapse of socialism -- Deflating nationalism and fundamentalism -- Containing deviancy and liberating work -- Freedom in education -- The individualist response -- Quiet revolutions -- The federalist agenda -- Green aspirations and anarchist futures.
650 0 _aAnarchism.
_95552
650 0 _aAnarchism
_xHistory.
_95553
856 4 1 _3Table of contents only
_uhttp://www.loc.gov/catdir/toc/ecip0418/2004013626.html
856 4 2 _3Publisher description
_uhttp://www.loc.gov/catdir/enhancements/fy0616/2004013626-d.html
856 4 2 _3Contributor biographical information
_uhttp://www.loc.gov/catdir/enhancements/fy0723/2004013626-b.html
906 _a7
_bcbc
_corignew
_d1
_eecip
_f20
_gy-gencatlg
942 _2lcc
_cMONOGRAPH
_01
999 _c119219
_d119219